| 000 | 00467nam a2200157Ia 4500 | ||
|---|---|---|---|
| 008 | 210716s1984 xx 000 0 und d | ||
| 020 | _a946408467 | ||
| 041 | _aeng | ||
| 082 | _a005.3 LAWD | ||
| 100 | _aLawrence, David. | ||
| 245 |
_aWorking sinclair ql: a library of practical subroutines and programs. _bLibrary of practical subroutines and programs. |
||
| 250 | _a1 | ||
| 260 |
_aLondon _bSunshine Books _c1984 |
||
| 300 | _ax,209 | ||
| 650 | _aPrograms(005.3) | ||
| 999 |
_c181857 _d181857 |
||